| 000 | 02260cam a22004574i 4500 | ||
|---|---|---|---|
| 003 | PE-LiUPU | ||
| 005 | 20250731165521.0 | ||
| 008 | 150623s r 000 0 d | ||
| 035 | _a(Sirsi) a27247 | ||
| 040 |
_aPE-LiUPU _bspa _cPE-LiUPU _erda |
||
| 082 | 0 | 4 |
_a001.422 602 _bU6110 _221 |
| 110 | 2 |
_aUniversidad Católica de Santa María _bEscuela de Postgrado (Arequipa). |
|
| 245 | 1 | 0 |
_aFlos Scientiarvm : _bresúmenes de investigaciones / _cAbel Tapia Fernández. |
| 264 | 1 |
_aArequipa, Perú : _bUniversidad Católica de Santa María. Escuela de Postgrado, _c2002. |
|
| 300 |
_a118 páginas ; _c23 cm. |
||
| 336 |
_atext _2rdacontent |
||
| 337 |
_aunmediated _2rdamedia |
||
| 338 |
_avolume _2rdacarrier |
||
| 490 | 0 |
_aFlos Scientiarvm ; _v10 |
|
| 505 | 0 | _aBienvenido a Approach 3.0. Visión global de Approach. Gestión de archivos de Approach. Definición de campos. Asociación de base de datos. El modo diseño. Adición y edición de campos en una vista. Diseño de formularios y paneles de repetición. Diseño de informes. Diseño de cartas formulario y etiquetas postales. Introducción y edición de datos. Búsqueda y clasificación de registros diseño de hojas de trabajo y tablas resumen. Creación de gráficos. Impresión y prueba de impresión. Automatización del trabajo mediante macros. Intercambio de datos con otros archivos o. Working Together: trabajo con otras aplicaciones. Uso compartido de datos en red. Personalización de Approach. | |
| 526 | _aSEG44 | ||
| 526 | _aSEG26 | ||
| 526 | _aP151 | ||
| 526 | _aP150 | ||
| 526 | _aP149 | ||
| 526 | _aP146 | ||
| 526 | _aP145 | ||
| 526 | _aP126 | ||
| 526 | _aP125 | ||
| 526 | _aP92 | ||
| 526 | _aP75 | ||
| 526 | _aP74 | ||
| 526 | _aP27 | ||
| 526 | _aP15 | ||
| 650 | 0 | 4 |
_aInvestigación científica _xResúmenes. |
| 942 |
_2ddc _cBOOK |
||
| 949 |
_a001.422 602 U61 10 _wDEWEY _c1 _i52535 _lCCODEBUL1 _mBUL _p5.00 _r0 _sY _tBOOK _u2015-06-24 _xINGENIERIA _zUNKNOWN _0COMPRA _o.STAFF. Colección General |
||
| 596 | _a1 | ||
| 999 |
_a001.422 602 U61 10 _wDEWEY _c34366 _i52535 _f2021-11-4 _g5 _lCCODEBUL1 _mBUL _p5.00 _r0 _sY _tBOOK _u2015-6-24 _xBIBLIOTECA _zUNKNOWN _0COMPRA _o.STAFF. Colección General _d34366 |
||
| 980 |
_81 _gALBERTO SANCHEZ Responsable de Automatización |
||